000 00366nam a2200145Ia 4500
008 191206s9999 xx 000 0 und d
020 _a000614036X
090 _aPZ4E28
245 0 _a"Emperor of the Sea, and other stories"
260 _aFontana
260 _bFontana modern novels
260 _cc1974
300 _a127 p. ; 18 cm.
999 _c15881
_d15881